Journal of the siege of Lucknow : (Record no. 129935)

MARC details
000 -LEADER
fixed length control field 00710nam a22002297a 4500
005 - DATE AND TIME OF LATEST TRANSACTION
control field 20170124110104.0
010 ## - LIBRARY OF CONGRESS CONTROL NUMBER
LC control number 208789
020 ## - INTERNATIONAL STANDARD BOOK NUMBER
Terms of availability 00.00
035 ## - SYSTEM CONTROL NUMBER
System control number 208789
037 ## - SOURCE OF ACQUISITION
Source of stock number/acquisition Cen Lib/Ret
040 ## - CATALOGING SOURCE
Original cataloging agency DPL
Language of cataloging EN
082 ## - DEWEY DECIMAL CLASSIFICATION NUMBER
Classification number 954.083
Item number GER
100 ## - MAIN ENTRY--PERSONAL NAME
Personal name Germon, Maria
9 (RLIN) 27831
245 ## - TITLE STATEMENT
Title Journal of the siege of Lucknow :
Statement of responsibility, etc by Maria Germon;edited by Michael Edwardes
Remainder of title an episode of the Indian mutiny /
260 ## - PUBLICATION, DISTRIBUTION, ETC. (IMPRINT)
Place of publication, distribution, etc London
Name of publisher, distributor, etc Constable
270 ## - ADDRESS
Address London
City London
300 ## - PHYSICAL DESCRIPTION
Extent xvi,136p. :
Dimensions 17cm(Hb)
Other physical details ill.
650 ## - SUBJECT ADDED ENTRY--TOPICAL TERM
Topical term or geographic name as entry element Military spouses
9 (RLIN) 27832
650 ## - SUBJECT ADDED ENTRY--TOPICAL TERM
Topical term or geographic name as entry element Siege of Lucknow (India : 1857)
9 (RLIN) 27833
700 ## - ADDED ENTRY--PERSONAL NAME
Personal name Edwardes, Michael
9 (RLIN) 23838
942 ## - ADDED ENTRY ELEMENTS (KOHA)
Source of classification or shelving scheme Dewey Decimal Classification
Koha item type English Books
Classification part 954.083
Call number suffix GER
Holdings
Withdrawn status Lost status Damaged status Not for loan Home library Current library Date acquired Source of acquisition Cost, normal purchase price Total Checkouts Full call number Barcode Date last seen Copy number Cost, replacement price Price effective from Koha item type Public note
Written off       Central Library Central Library 08/07/2015 Cen Lib/Ret 0.00   954.083 GER 208789 08/07/2015 1 0.00 08/07/2015 English Books Written off on approval by DLB (By Circulation); dtd 15-06-2023

© Delhi Public Library
Hit Counter
free hit counter